000 00215 a2200097 4500
001 28750
100 _aCollison, R L
245 _aLibrary assistance to readers
260 _a
_bC Lockwood
_c
090 _c19191
_d19191
942 _aNUST-CAE
_cM
_c10215
999 _c263823
_d263823